Girl Meets world Sudden Death charactes - Statistics

General Stats
  • This quiz has been taken 55 times
  • The average score is 12 of 21
Answers on the Grid
Answers color-coded by a green-red scale on the quiz's grid according to % correct below.
Maya
Mya
Riley
Josh
Lucas
Emily
Farkle
Lauren
Smackle
Chloe
Corey
Anthony
Ava
Lucy
Topanga
Meredith
Shawn
Olivia
Auggie
Sabrina
Charlie
Taylor
Eric
Katy
George
Stuart
Lexie
Zay
Amy
Darby
 
Answer Stats
Answer % Correct
Farkle
81%
Topanga
81%
Corey
78%
Maya
78%
Shawn
78%
Auggie
69%
Ava
69%
Josh
69%
Lucas
69%
Riley
66%
Smackle
63%
Zay
59%
Eric
53%
Stuart
53%
Katy
47%
Charlie
41%
Amy
34%
Lauren
28%
George
22%
Darby
19%
Emily
9%
No matching quizzes found
Score Distribution
Percent of People with Each Score
Percentile by Number Answered
Your Score History
You have not taken this quiz